000 00361nam a22001337a 4500
020 _a9781538731734
082 _a152.42
_bBRE
100 _aSarah, Ban Breathnach
245 _aSimple abundance 365 days to a balanced and joyful life
260 _aNew York:
_bGrand Central Publishing,
_c2019.
300 _a601p. :
563 _aHB
942 _2ddc
_cBK
999 _c614606
_d614606